Costos : decisiones empresariales (Registro nro. 596378)

Detalles MARC
001 - NÚMERO DE CONTROL
campo de control 1257393
005 - FECHA Y HORA DE LA ÚLTIMA TRANSACCIÓN
campo de control 20260508071734.0
008 - DATOS DE LONGITUD FIJA--INFORMACIÓN GENERAL
campo de control de longitud fija 110923s2010 spa
020 ## - NÚMERO INTERNACIONAL ESTÁNDAR DEL LIBRO
Número Internacional Estándar del Libro 9789586486163
035 ## - NÚMERO DE CONTROL DEL SISTEMA
Número de control de sistema 1257393
035 ## - NÚMERO DE CONTROL DEL SISTEMA
Número de control de sistema (OCoLC)777074837
040 ## - FUENTE DE LA CATALOGACIÓN
Centro/agencia transcriptor comduadb
041 ## - CÓDIGO DE LENGUA
Código de lengua del texto/banda sonora o título independiente spa
050 #4 - SIGNATURA TOPOGRÁFICA DE LA BIBLIOTECA DEL CONGRESO
Número de clasificación HF
100 10 - ENTRADA PRINCIPAL--NOMBRE DE PERSONA
Nombre de persona Rincón Soto, Carlos Augusto
Código de función aut
Término indicativo de función/relación Autor/a
9 (RLIN) 561858
245 10 - MENCIÓN DE TÍTULO
Título Costos : decisiones empresariales
260 ## - PUBLICACIÓN, DISTRIBUCIÓN, ETC.
Lugar de publicación, distribución, etc. Bogotá :
Nombre del editor, distribuidor, etc. Ecoe Ediciones,
Fecha de publicación, distribución, etc. 2010.
300 ## - DESCRIPCIÓN FÍSICA
Extensión xi, 278 p.
505 ## - NOTA DE CONTENIDO CON FORMATO
Nota de contenido con formato CONTENIDO: Introducción a los costos. -- Inventarios. -- Mano de obra. -- Servicios directos. -- Costos indirectos de fabricación. -- Análisis de costos-volumen-utilidad. -- Presupuestos. -- Gestión de las 5D. -- Modelos de gestión administrativa. -- Bibliografía.
520 3# - SUMARIO, ETC.
Sumario, etc. RESEÑA : Este libro tiene como sentido visualizar al administrador como un elemento vital dentro de las decisiones de control, evaluación y desarrollo del sistema de información empresarial. Por ello ofrece información técnica sobre los modelos de medición y contabilización, con un alto contenido financiero y administrativo de la importancia del uso de los datos, para la toma de decisiones. El texto desarrolla técnicas contables y operacionales para empresas de sectores de servicios, industrial y comercial, con explicaciones sencillas de sus particularidades. Contiene ejemplos completos en cálculo, documentos y contabilización para que el lector tenga una mayor comprensión de todo el proceso. Podrá obtener una herramienta que le enseñará y dará pautas para calcular, evaluar y visualizar los costos de cualquier empresa. El libro incluye un complemento virtual en el SIL (Sistema de Información en Línea) en www.ecoeediciones.com que contiene: diapositivas de ayuda a docentes, talleres resueltos, talleres y exámenes, modelos de costos en Excel y artículos sobre costos.
650 #7 - PUNTO DE ACCESO ADICIONAL DE MATERIA--TÉRMINO DE MATERIA
Término de materia o nombre geográfico como elemento de entrada Contabilidad de costos
Fuente del encabezamiento o término lemb
9 (RLIN) 63667
650 #7 - PUNTO DE ACCESO ADICIONAL DE MATERIA--TÉRMINO DE MATERIA
Término de materia o nombre geográfico como elemento de entrada Análisis de costos
Fuente del encabezamiento o término lemb
9 (RLIN) 977
650 ## - PUNTO DE ACCESO ADICIONAL DE MATERIA--TÉRMINO DE MATERIA
Término de materia o nombre geográfico como elemento de entrada Control de costos
9 (RLIN) 30935
650 ## - PUNTO DE ACCESO ADICIONAL DE MATERIA--TÉRMINO DE MATERIA
Término de materia o nombre geográfico como elemento de entrada Contabilidad administrativa
9 (RLIN) 2718
650 #7 - PUNTO DE ACCESO ADICIONAL DE MATERIA--TÉRMINO DE MATERIA
Término de materia o nombre geográfico como elemento de entrada Toma de decisiones
Fuente del encabezamiento o término lemb
9 (RLIN) 175188
700 10 - ENTRADA AGREGADA--NOMBRE PERSONAL
Nombre de persona Villarreal Vásquez, Fernando
Código de función aut
Término indicativo de función/relación Autor/a
9 (RLIN) 627643
942 ## - ELEMENTOS DE ENTRADA AGREGADA (KOHA)
Tipo de ítem Koha Libros
Existencias
Estado de retiro Estado de pérdida Estado dañado No para préstamo Código de colección Localización permanente Ubicación/localización actual Fecha de adquisición Fuente de adquisición Coste, precio normal de compra Número de inventario Total de préstamos Signatura topográfica completa Código de barras Fecha visto por última vez Número de copia Precio válido a partir de Tipo de ítem Koha
        Colección General Biblioteca de Salud Pública, Campus Medellín Biblioteca de Salud Pública, Campus Medellín 23/09/2011 CIS (Corporacion Interuniversitaria de Servicios) 38000.00 C1126852   HF5605 R5-10 801816 01/05/2023 1 01/05/2023 Libros